[Event "Turnier 40 / 120"]
[Site "Wien"]
[Date "2021.05.25"]
[Round "1"]
[White "Pewatronic Masterchess 24 MHz"]
[Black "Mephisto Risc 2"]
[Result "1/2-1/2"]
[WhiteElo "2183"]
[BlackElo "2237"]
[PlyCount "117"]
[EventDate "2021.??.??"]

1. d4 c6 2. e4 d5 3. Nc3 dxe4 4. Nxe4 Bf5 5. Ng3 Bg6 6. Bc4 e6 7. N1e2 Nf6 8.
O-O Bd6 9. f4 Qd7 10. Bd3 Bxd3 11. Qxd3 g6 12. b3 {Buchende Pewatronic} Na6 {
Buchende Risc II} 13. c4 {Buchbewertung Pewatronic 0,0} O-O {Buchbewertung
Risc II, -0,06 / lt. Stockfish steht Weiss etwas besser mit ca. +0,70} 14. Bb2
Rfd8 {schon früh ein schlechter Zug vom Risc II, Stockfish bewertet hier die
Fortsetzung d5 mit +1,50 für Weiss.} 15. Rad1 Qe7 16. Qc3 Kg7 $2 {auch ein
sehr schwacher Zug} 17. f5 exf5 {die Stellung ist bereits verloren lt.
Stockfish mit der Fortsetzung d5 ! bereits +5,00 für Weiss} 18. Rxf5 Kg8 19.
Rf3 Bb4 20. Qc1 Re8 21. Rdf1 {Pewatronic +1,2} Nd7 {Risc II -0,85} 22. a3 Bd6
23. Rxf7 Qxf7 24. Rxf7 Kxf7 {Risc II ist hier noch sehr optimistisch nur -0,40}
25. d5 {Pewatronic +1,1 / Stockfish +4,20 für Weiss.} Kg8 26. Nf5 $1 {der
richtige Zug, der den Risc II überrascht er hat nicht damit gerechnet,
Stockfish +5,00 für Weiss.} Bc5+ {Risc II sieht keine Gefahr, +0,15} 27. Bd4
Bxd4+ 28. Nfxd4 {viel besser ist Sexd4!} cxd5 29. cxd5 Nb6 {viel besser ist
Tac8!} 30. Nf4 Rac8 31. Qb2 {besser ist Da1} Re1+ 32. Kf2 Re7 33. Kf3 {der
Pewatronic verabsäumt es den Vorteil auszubauen, leider verwirft er im
letzten Augenblick nach 10 Minuten Bedenkzeit den weit besseren Zug d6!, den
Stockfish mit +2,70 für Weiss sieht, mit diesem Zug ist die Stellung
praktisch ausgeglichen, Stockfish nur noch +0,20 für Weiss.} Nc5 34. g3 {
Pewatronic +0,7} Rf7 {Risc II +0,74} 35. Kg2 Ne4 {Stockfish hätte hier Txf4 !
gespielt.} 36. Qe2 Re7 $2 {ein nächster schwerer Fehler vom Risc II,
Stockfish sieht hier die Fortsetzung d6 mit +4,7 für Weiss.} 37. Nb5 {aus
Sicht des Pewatronic aber auch langsam zum Verzweifeln, er lässt einfach alle
Chancen aus und das auch noch mit Pech, denn wieder verwirft er im letzten
Augenblick den Gewinnzug d6 und spielt in letzter Sekunde der Bedenkzeit noch
diesen weit schlechteren Zug, der wieder den ganzen Vorteil zu nichte macht,
und d6 bewertet er mit +0,8 und diesen Zug ebenfalls mit +0,8 also der
Unterschied liegt nur in der nicht mehr sichtbaren Nachkommastelle, also das
nennt man Pech, damit nur noch +0,50 aus Sicht von Stockfish.} Rd8 {und der
nächste Riesenpatzer vom Risc II, wieder ist d6 mit +4,50 zu bewerten, nötig
war Tce8!} 38. d6 {diesmal der richtige Zug, mit einer Bewertung von +0,9} Ree8
39. Nc7 Re5 40. Qb2 $1 {Pewatronic nur +0,1 aber der richtige Zug lt.
Stockfish (+5,20).} Rf5 {Risc II -0,12} 41. Qd4 {Pewatronic -0,1, diese
komplizierte Stellung überfordert hier beide Geräte, keiner sieht einen
Vorteil für Weiss nur Stockfish mit +4,70} Nxd6 42. Nfd5 $2 {war zu erwarten,
der Pewatronic wirft wieder mit einem Zug den gesamten Vorteil von +4,70 über
Bord, Stockfish 0,00, der richtige Zug wäre Se6 gewesen.} Nxd5 43. Nxd5 Nf7
44. Ne7+ Kf8 45. Nxf5 Rxd4 46. Nxd4 Ne5 47. Nf3 Ng4 48. h3 Ne3+ 49. Kf2 Nd5 50.
Ke2 Ke7 51. Kd3 Kf6 52. Kd4 Nc7 53. a4 b6 54. b4 b5 55. a5 Na6 56. Kc3 Nc7 57.
Kd4 Na6 58. Kc3 Nc7 59. Kd4 {Stellungswiederholung} 1/2-1/2

[Event "Turnier 40 / 120"]
[Site "Wien"]
[Date "2021.05.26"]
[Round "2"]
[White "Mephisto Risc 2"]
[Black "Pewatronic Masterchess 24 MHz"]
[Result "1-0"]
[WhiteElo "2237"]
[BlackElo "2183"]
[PlyCount "64"]
[EventDate "2021.??.??"]

1. d4 c6 2. c4 d5 3. Nf3 e6 4. Nc3 Nf6 5. e3 Nbd7 6. Bd3 Bd6 7. O-O O-O 8. e4
dxc4 9. Bxc4 e5 10. Bg5 {Buchende Risc II} Qe7 {Buchende Pewatronic} 11. d5 {
Buchbewertung Risc II, +0,21} Nb6 {Buchbewertung Pewatronic, -0,1, lt.
Stockfish steht Weiss etwas besser mit ca. +0,50} 12. Bb3 Bg4 13. dxc6 bxc6 14.
h3 Bc8 {besser ist Lh5} 15. Qc2 Rd8 16. Na4 c5 17. Rfd1 Bb7 18. Nd2 Nxa4 19.
Bxa4 Rab8 20. Rac1 a6 {ein schlechter Zug, viel besser ist h6!} 21. f3 h6 22.
Be3 Rbc8 {viel besser ist noch Sh5, was Stockfish aber auch schon mit +1,20
für Weiss sieht, hier ist Schwarz nach Sc4 bereits auf verlorenem Posten,
Stockfish +2,40 für Weiss.} 23. Nc4 {Risc II +0,93} Bc7 {Pewatronic -1,1} 24.
Qb3 Bb8 25. Rxd8+ Rxd8 26. Qb6 Qc7 27. Bxc5 Qxb6 28. Bxb6 {Risc II +1,33 /
Stockfish +4,80} Rc8 {Pewatronic -1,5} 29. Rc2 g6 30. h4 g5 31. hxg5 hxg5 32.
g4 Nxe4 $2 {Userentscheid 1-0} 1-0

[Event "Turnier 40 / 120"]
[Site "Wien"]
[Date "2021.05.26"]
[Round "3"]
[White "Pewatronic Masterchess 24 MHz"]
[Black "Mephisto Risc 2"]
[Result "0-1"]
[WhiteElo "2183"]
[BlackElo "2237"]
[PlyCount "55"]
[EventDate "2021.??.??"]

1. e4 c5 2. Nf3 Nc6 3. Bb5 e6 4. O-O {Buchende Pewatronic} Nge7 5. c3 {
Buchbewertung Pewatronic, +0,6} d5 6. exd5 Qxd5 {Buchende Risc II} 7. Qa4 Bd7 {
Buchbewertung Risc II, +0,12 / lt. Stockfish ist die Ausganglage gleich mit
exakt 0,00.} 8. Na3 a6 9. d3 Rd8 10. Bc4 Qd6 11. Re1 $5 b5 {dieser
selbstverständlich aussehende Zug ist in Wirklichkeit ein klarer Fehler,
Stockfish bewertet hier die Fortsetzung Dxa6 mit +0,80 für Weiss, leider
macht der Pewatronic aber einen idiotischen Zug im nächsten und gibt wieder
alles verloren, hier wäre übrigens Sg6 !! von Stockfish mit +1,30 für
Schwarz bewertet worden, also um ganze 2,10 Bauerneinheiten besser als b5 !}
12. Nxb5 $2 {ein wahrlich idiotischer Zug, den Stockfish gleich mit +2,50 für
Schwarz völlig zurecht bewertet.} axb5 13. Bxb5 {Pewatronic 0,0, also das ist
ja einfach nicht zu glauben!} Ng6 {Risc II +1,30 hat den weit besseren
Überblick, eine jämmerliche Vorstellung vom Pewatronic!!!} 14. Qe4 {was hier
geliefert wird ist unfassbar, Pewatronic 0,0 ???, der Figurenverlust wird
offensichtlich nicht bewertet, Stockfish ist längst bei +3,50 für Schwarz,
das ist mein letzter Kommentar dazu an dieser Stelle ich lasse den Rest dieses
Trauerspiels für sich selbst sprechen, DIESE PARTIE INTERESSIERT MICH NICHT
MEHR!} Be7 15. Ba4 O-O 16. Bc2 Na5 17. d4 Bc6 18. dxc5 Qxc5 19. Qg4 Bf6 20.
Bxg6 hxg6 21. Nd2 Rd3 22. Qe2 {Pewatronic -0,8 ????????????} Rfd8 {Risc II +2,
42} 23. Nf1 Nc4 24. Ne3 Qg5 25. Ng4 Qd5 26. Nxf6+ gxf6 27. Qf1 Ne5 28. h4 {
Stockfish Matt in 8, jetzt übersieht er auch noch das, Userentscheid 0-1} 0-1

[Event "Turnier 40 / 120"]
[Site "Wien"]
[Date "2021.05.26"]
[Round "4"]
[White "Mephisto Risc 2"]
[Black "Pewatronic Masterchess 24 MHz"]
[Result "1/2-1/2"]
[WhiteElo "2237"]
[BlackElo "2183"]
[PlyCount "116"]
[EventDate "2021.??.??"]

1. d4 e6 2. c4 Nf6 3. Nf3 d5 4. Nc3 Be7 5. Bg5 O-O 6. e3 h6 7. Bh4 b6 8. Rc1 {
Buchende Risc II} Nbd7 {Buchende Pewatronic} 9. cxd5 {Buchbewertung Risc II,
+0,27} exd5 {Buchbewertung Pewatronic, -0,3, lt. Stockfish steht Weiss besser
mit +0,50} 10. Bd3 c5 11. O-O Bb7 12. Bb5 Rb8 13. Bg3 Rc8 14. Qb3 c4 15. Qc2 a6
16. Bxd7 Nxd7 17. Qf5 Nf6 18. Ne5 b5 19. a3 Re8 20. f3 Bd6 21. Bh4 Bxe5 {
viel besser ist Te6!} 22. dxe5 Qd7 23. Qf4 Nh7 24. Qd4 Nf8 25. Rfd1 Ng6 26. Bg3
Ne7 27. e4 Rcd8 28. Bh4 g5 29. Bf2 Qe6 30. Qb6 Qxb6 31. Bxb6 Rd7 32. h3 Kg7 33.
a4 Bc6 34. axb5 axb5 35. Kf2 Rb7 36. exd5 Rxb6 37. dxc6 Nxc6 38. Nd5 {deutlich
besser ist Td6!} Rb7 39. f4 gxf4 40. Nxf4 {Risc II -0,74} Nxe5 {Pewatronic +0,5
} 41. Rd6 {besser ist b3!, Stockfish sieht hier die Fortsetzung b4 mit +1,70
für Schwarz.} Rd7 {Pewatronic sieht diese Fortsetzung nicht, diesen Zug
bewertet Stockfish noch mit +0,60 für Schwarz.} 42. Rxd7 Nxd7 43. Rd1 {
lt. Stockfish ein schlechter Zug, er bewertet hier die Fortsetzung b3! mit -0,
46 aus der Sicht von Weiss diesen Zug mit der Fortsetzung Sc5 mit +2,00 für
Schwarz.} Nc5 44. g4 {auch das ist ein schwacher Zug, weit besser ist Td5!,
diesen Zug bewertet Stockfish bereits mit +4,00 für Schwarz mit der
Fortsetzung Sa4!} f5 $2 {Der Pewatronic wirft mit einem Zug den gesamten
Vorteil über Bord, Stockfish nur noch +0,13 für Schwarz mit der Fortsetzung
Td5.} 45. gxf5 {ist auch nicht viel schlechter als Td5, Stockfish +0,30 für
Schwarz.} Re5 46. Kf3 Rxf5 47. Ke3 Na4 {ja jetzt kommt dieser Zug, aber leider
zu spät an dieser Stelle wirkungslos, Stockfish nur noch +0,13 für Schwarz,
die Stellung ist praktisch Remis.} 48. Rd2 b4 49. Ke4 Ra5 50. Kd4 Nb6 51. Rf2
Kg8 52. Ng6 Rd5+ 53. Ke4 Rg5 54. Ne7+ Kh7 55. Kd4 c3 56. bxc3 bxc3 57. Kxc3
Rg3+ 58. Kb4 Rxh3 {Der letzte Randbauer ist wertlos, da im Falle des Falles
jederzeit der Springer dafür zu opfern ist, REMIS} 1/2-1/2

[Event "Turnier 40 / 120"]
[Site "Wien"]
[Date "2021.05.26"]
[Round "5"]
[White "Pewatronic Masterchess 24 MHz"]
[Black "Mephisto Risc 2"]
[Result "1/2-1/2"]
[WhiteElo "2183"]
[BlackElo "2237"]
[PlyCount "112"]
[EventDate "2021.??.??"]

1. e4 e5 2. Nf3 Nf6 3. d4 Nxe4 4. Bd3 d5 5. Nxe5 Bd6 6. O-O O-O 7. c4 Bxe5 8.
dxe5 Nc6 9. cxd5 Qxd5 10. Qc2 Nb4 11. Bxe4 Nxc2 12. Bxd5 Bf5 13. g4 Bxg4 14.
Bf4 Nxa1 {Buchende Risc II} 15. Rc1 {Buchende Pewatronic} c6 {Buchbewertung
Risc II, +0,68} 16. Bg2 {Buchbewertung Pewatronic, -0,6, lt. Stockfish steht
Weiss etwas besser mit ca. +0,20} f6 {lt. Stockfish ein schlechter Zug, er
bewertet hier Tfd8 mit +0,20 für Weiss, diesen Zug mit der Fortsetzung Sd2
mit +1,50 für Weiss.} 17. Nc3 fxe5 18. Bxe5 {ein schlechter Zug, viel besser
ist Le3!} Rae8 {Risc II +0,53} 19. f4 {Pewatronic -0,8 / Stockfish +0,10 für
Weiss.} g5 20. Rxa1 gxf4 21. Bd4 a5 22. h3 Bh5 23. Bb6 Re5 24. Kf2 f3 {
deutlich besser ist Tf7!, Stockfish +2,00 für Weiss} 25. Bf1 h6 {Risc II -0,08
} 26. Be3 {Pewatronic +0,7} Rfe8 27. Bxh6 Kh8 {deutlich besser ist Lg6!} 28.
Rd1 R5e6 29. Bg5 b5 {Risc II -0,84} 30. Rd7 {Pewatronic +1,5} Rg6 {Risc II -1,
09} 31. Be7 a4 32. b3 axb3 33. axb3 Re6 34. Bc5 Rh6 35. Bd3 Ra8 {Risc II -1,79}
36. Ne4 {Pewatronic +2,6} Kg8 {Stockfish +6,00 für Weiss} 37. Ng5 Bg6 38. Bxg6
{ein schlechter Zug, Stockfish schätzt hier Kxf3 bereits mit +7,00 ein,
diesen Zug "nur" noch mit +4,00 für Weiss.} Rxg6 39. h4 Rf6 40. Bd4 Ra2+ 41.
Ke3 Rf5 42. Nxf3 $2 {Jetzt muss der Pewatronic aber höllisch aufpassen, dass
er sich diese bis dahin wirklich wunderbare Partie nicht noch zusammenhaut,
weit besser ist hier Td8+ was Stockfish schon mit +5,00 für Weiss bewertet,
diesen Zug "nur" noch mit +3,40 für Weiss, bitte jetzt keinen Fehler mehr,
das wäre wirklich Jammerschade, das muss er einfach gewinnen !} c5 43. Be5 $2
{das darf doch nicht wahr sein, hier ist schon der nächste grobe Fehler,
Stockfish nur noch +0,70 mit der Fortsetzung c4, das ist ja zum heulen,
unbedingt nötig war Ke4 !!!} c4 {Und noch dazu hat der Pewatronic das Pech,
dass der Risc II tatsächlich in der letzten Sekunde der Bedenkzeit noch den
richtigen Zug spielt, damit waren wieder sämtliche Bemühungen und auch
wirklich sehr schöne Züge umsonst es bleibt wieder nur das magere Remis, aus
Sicht des Pewatronic ist das wirklich jetzt schon zum Verzweifeln, er kann
einfach nicht gewinnen.} 44. Rg7+ Kf8 45. Rb7 cxb3 $1 {Risc II -2,52 aber es
ist der richtige Zug, und der Pewatronic hat wirklich grosses Pech, der Risc
hat eingebaut dass er Maximal das 4fache der durchschnittlichen Bedenkzeit, in
diesem Fall also 12 Minuten nimmt, er bewertet nach 11 Minuten 50 Sekunden
noch Ta5 mit -2,83 und dann springt er in den letzten 10 Sekunden noch auf den
richtigen Zug, es will einfach nicht sein für den Pewatronic, Ta5 hätte
Stockfish gleich wieder mit +5,00 für Weiss bewertet, das wäre ein Megabock
gewesen.} 46. Rxb5 {Pewatronic hat noch keine Ahnung von dem Remis,genau so
wie der Risc II, doch Stockfish bewertet das nur noch mit +0,50 für Weiss,
das ist praktisch schon Remis., Pewatronic +2,7} Kf7 {Risc II -2,63, das war
auch nicht der beste Zug, richtig wäre Kg8 gewesen, diesen Zug bewertet
Stockfish wieder mit +2,00 für Weiss mit der Fortsetzung Ke4} 47. Ke4 Rh5 48.
Rxb3 Ra4+ 49. Bd4 Ke6 50. Rb8 Kd6 51. Rb6+ Kd7 52. Rg6 Raa5 53. Ne5+ $2 {
also das darf doch einfach nicht wahr sein, jetzt gibt doch dieser Idiot
tatsächlich den letzten Bauern her und freut sich über seine Mehrfigur, der
Risc II kennt natürlich dieses Motiv und nimmt den Springer und diese
vertrottelte Partie ist doch tatsächlich noch Remis, zum HEULEN !!!!!} Raxe5+
{Risc II, -0,46} 54. Bxe5 {Der ahnungslose Pewatronic +3,50, findet diesen Zug
vom Risc II sehr schlecht, er hat Kc8 erwartet, Stockfish natürlich 0,00 das
braucht man gar nicht zu sagen.} Rxh4+ 55. Kd5 Rh7 56. Rd6+ Ke8 1/2-1/2

[Event "Turnier 40 / 120"]
[Site "Wien"]
[Date "2021.05.27"]
[Round "6"]
[White "Mephisto Risc 2"]
[Black "Pewatronic Masterchess 24 MHz"]
[Result "0-1"]
[WhiteElo "2237"]
[BlackElo "2183"]
[PlyCount "125"]
[EventDate "2021.??.??"]

1. e4 e6 2. d4 d5 3. Nd2 c5 4. exd5 exd5 5. Ngf3 Nc6 6. Bb5 Bd6 7. O-O Nge7 8.
dxc5 Bxc5 9. Nb3 {Buchende Risc II} Bd6 {Puchende Pewatronic} 10. Re1 {
Buchbewertung Risc II, +0,11} O-O {Buchbewertung Pewatronic, -0,4 / lt.
Stockfish steht Weiss etwas besser mit ca. +0,40, meiner Meinung nach steht
Weiss klar besser wegen dem schwachen Isolani von Schwarz.} 11. a3 Re8 12. Bd2
Bg4 13. h3 a6 $2 {schwächt die Bauernstruktur.} 14. hxg4 axb5 15. Nfd4 b4 16.
a4 Ng6 17. Rxe8+ Qxe8 18. Nf5 Bc7 19. g3 Nge7 20. Ne3 Bd6 21. Qe2 Qb8 22. Qb5
Qc8 {Stockfish hätte hier nach Lxg3! ein Remis gesehen, diesen Zug bewertet
er mit +0,60 für Weiss.} 23. Kf1 {Risc II +0,40} Ra6 {Pewatronic 0,0} 24. a5
Be5 {ein schlechter Zug, den Stockfish mit der Fortsetzung Lxb4 mit +1,20 für
Weiss bewertet, die beste Fortsetzung wäre h5! gewesen mit ca. -0,40 aus der
Sicht von Schwarz.} 25. Ra2 Bc7 26. Bxb4 b6 $2 {dieser VÖLLIG ABSURDE ZUG ist
natürlich ein klarer Verlustzug, den Stockfish augenblicklich mit +2,00 für
Weiss sieht, nötig war natürlich d4 !} 27. Bc3 {Risc II +0,63} bxa5 28. Nxa5
$2 {aber nun auch ein schlechter Zug vom Risc II, den Stockfish nur noch mit 0,
00 bewertet, nötig war hier Ta4!} Nxa5 29. Bxa5 Qa8 30. Qd7 Bxa5 31. Qxe7 Bb4
32. Qxb4 Rxa2 33. Nxd5 {Risc II -0,18} h5 {Pewatronic -0,1 / Stockfish 0,00}
34. Qe4 hxg4 35. c4 Qa6 36. Qe8+ Kh7 37. Qe4+ Qg6 $1 {der beste Zug!} 38. Qxg6+
{ein grober Fehler lt. Stockfish, der hier Dh1+ mit nur -0,10 aus der Sicht
von Weiss bewertet, diesen Zug mit +1,50 für Schwarz.} Kxg6 39. b4 Kf5 40. Kg1
$2 {viel besser ist b5!} Rb2 41. Kg2 Ke5 42. Ne3 Rxb4 {viel besser ist f5, was
Stockfish schon mit +6,00 für Schwarz bewertet, diesen Zug "nur" noch mit +2,
80 für Schwarz (allerdings auch der Risc II hätte Txb4 gespielt, ist halt
nicht perfekt was soll man machen)} 43. Nxg4+ Ke4 44. Ne3 Rb1 45. Nd5 Rc1 46.
Ne3 f6 47. Nf1 g6 48. Ne3 f5 49. Nf1 Ke5 50. Ne3 g5 {und hier kommt wieder der
Riesenfehler, wie es zu erwarten war überfordert dieses Endspiel unsere Oldie,
aber beide, denn auch der Risc II hätte diesen Zug gemacht, Stockfish
bewertet hier Ke4 mit +3,20 für Schwarz, diesen Zug nur noch mit +1,00 für
Schwarz.} 51. Kf3 {ein ganz schwerer Fehler jetzt auch vom Risc II, den
Stockfish gleich mit +9,00 für Schwarz bewertet, die richtige Fortsetzung ist
Tc3, nötig war g4!} Rc3 52. Kg2 f4 $1 {der richtige Zug, Pewatronic sieht
allerdings nur einen Vorteil von +1,5 (Stockfish +10,20)} 53. Ng4+ {Risc II -1,
77} Ke4 54. gxf4 gxf4 55. Nf6+ Kf5 56. Nd5 Rxc4 57. Kf3 {Stockfish Matt in 23
LOL} Rc5 58. Nb6 Rc3+ 59. Kg2 Kg4 60. Nd5 f3+ 61. Kh2 Rc5 62. Nb4 Rh5+ 63. Kg1
{Risc II -5,15 -----> AUFGABE (Stockfish Matt in 10).} 0-1

[Event "Turnier 40 / 120"]
[Site "Wien"]
[Date "2021.05.27"]
[Round "7"]
[White "Pewatronic Masterchess 24 MHz"]
[Black "Mephisto Risc 2"]
[Result "1-0"]
[WhiteElo "2183"]
[BlackElo "2237"]
[PlyCount "134"]
[EventDate "2021.??.??"]

1. e4 e5 2. Nc3 Nf6 3. Bc4 Bb4 4. Nf3 d6 {Buchende Risc II} 5. d3 Nc6 {
Buchbewertung Risc II, +0,03} 6. O-O {Buchende Pewatronic} Na5 7. Nd5 {
Buchbewertung Pewatronic, +0,1} Nxc4 {lt. Stockfish ist die Stellung
ausgeglichen.} 8. Nxb4 Nb6 9. c3 O-O 10. Bg5 h6 11. Bh4 Bg4 12. a4 a5 13. Nc2
c6 14. Ne3 Be6 15. d4 g5 $2 {ein schwerer Fehler vom Risc II, Stockfish sieht
hier die Fortsetzung Sxg5 mit +4,70 für Weiss, der Risc II rechnet natürlich
nicht damit er erwartet Lg3!} 16. Nxg5 $1 {Pewatronic macht den richtigen Zug,
sieht aber keinen Vorteil 0,0} hxg5 17. Bxg5 exd4 {Risc II +0,46, sieht noch
keinen Fehler} 18. cxd4 Rc8 {Risc II erkennt ein Problem, -0,92 (Stockfish +7,
40 mit der Fortsetzung f4!)} 19. Qf3 {Pewatronic +1,7, nicht der beste Zug,
aber auch diese Fortsetzung sieht Stockfish noch mit +5,80 für Weiss.} Nbd7
20. d5 cxd5 21. exd5 b6 22. Bh4 Re8 23. Qg3+ Kh8 24. Qxd6 {viel besser ist
dxe6!} Qc7 25. Qxc7 Rxc7 26. dxe6 Rxe6 27. Rfd1 Kg7 28. Rd4 Re4 29. Rxe4 Nxe4
30. Rd1 Nec5 31. Nf5+ Kh7 32. Bg3 Rc6 33. h3 Re6 34. Kh2 {deutlich besser ist
Sd4!} Nf6 35. Nd6 Kg7 36. Rd4 Nh5 37. Bh4 Nf6 38. Nf5+ Kh7 39. Kg3 Kg6 40. Ne3
Nh5+ 41. Kf3 Nf6 42. g4 Nfe4 43. Nf5 f6 44. Kg2 Ng5 {Risc II -2,23} 45. f4 {
Pewatronic +2,3 (Stockfish +6,60)} Nf7 46. Ng3 Rc6 47. Kf3 Nd6 48. f5+ Kf7 49.
Nh5 Ne8 50. Nf4 Nd6 51. Nd5 Nd7 52. Bg3 Nc5 {Risc II -2,65} 53. Ne3 {
Pewatronic +2,6 (Stockfish +7,50)} Nc8 54. h4 Nb3 55. Rd3 Nc5 56. Rc3 Ne7 57.
Rc4 Kg8 58. g5 Kf7 59. g6+ Kg7 60. h5 Kh6 61. Kg4 {Pewatronic +3,7} Kg7 {
Risc II -4,17} 62. Bf4 Ng8 63. Kh4 Rc8 64. Nd5 Rd8 65. Nxb6 Na6 66. Nc8 Nh6 67.
Ne7 Re8 {Risc II -5,44 ----> AUFGABE !!} 1-0

[Event "Turnier 40 / 120"]
[Site "Wien"]
[Date "2021.05.28"]
[Round "8"]
[White "Mephisto Risc 2"]
[Black "Pewatronic Masterchess 24 MHz"]
[Result "0-1"]
[WhiteElo "2237"]
[BlackElo "2183"]
[PlyCount "139"]
[EventDate "2021.??.??"]

1. c4 e5 2. Nc3 Nc6 3. Nf3 f5 4. d4 e4 5. Bg5 Be7 6. Bxe7 {Buchende Risc II}
Ngxe7 7. Nd2 {Buchbewertung Risc II, +0,01} Nxd4 8. Ndxe4 Nec6 {Buchende
Pewatronic} 9. e3 Ne6 {Buchbewertung Pewatronic, 0,0, lt. Stockfish steht
Weiss deutlich besser mit ca. +0,70} 10. Nd2 O-O 11. Be2 d6 12. O-O f4 13. e4 {
ein schlechter Zug der das Feld d4 für die feindlichen Springer freigibt,
viel besser ist Se4!, diesen Zug bewertet Stockfish mit +1,40 für Schwarz,
bei Se4 wäre die Stellung ausgeglichen gewesen.} Ned4 14. b3 {Risc II -0,07,
Stockfish bewertet die Fortsetzung Tf6 bereits mit +2,40 für Schwarz} Ne5 15.
Rc1 {und gleich noch ein ganz schlechter Zug vom Risc II, Stockfish bewertet
hier Sb5 zwar auch schon mit -1,80 aus der Sicht von Weiss, diesen Zug jedoch
gleich mit +3,50 für Schwarz mit der Fortsetzung f3.} f3 {Pewatronic +0,4} 16.
Bxf3 Nexf3+ 17. Nxf3 Nxf3+ 18. gxf3 {Risc II -0,72} Bh3 {Pewatronic +0,9 
(Stockfish +3,70 für Schwarz)} 19. Qd5+ Kh8 20. Rfe1 {Risc II -0,89} Rf5 {
Pewatronic +1,4} 21. Qxf5 Bxf5 22. exf5 Qg5+ 23. Kf1 Qd2 {kein guter Zug, viel
besser ist Dxf5 !} 24. Nb5 c6 25. Rcd1 Qxa2 26. Nxd6 Qxb3 {Pewatronic leistet
sich hier mehrere Ungenauigkeiten, die Stellung ist nahezu ausgeglichen,
Stockfish bewertet die Fortsetzung Kg2 mit +0,50 für Schwarz.} 27. Nf7+ Kg8
28. Nd8 h6 29. Kg2 {ein MEGABOCK vom Risc II, Stockfish bewertet hier Td7 mit
nur -0,20 für Weiss, diesen Zug gleich mit +5,00 für Schwarz mit der
Fortsetzung Dc2!} Qc2 {Pewatronic +1,4 macht den richtigen Zug.} 30. Rd7 {
Risc II sieht noch keinen grossen Fehler, nur -0,77} Qxf5 31. Ree7 Qg6+ 32. Kh1
Qf6 33. f4 {Risc II sieht noch keine Gefahr, nur -0,82} b5 {Pewatronic sieht
sich schon ganz klar im Vorteil, +2,2 (Stockfish +5,30)} 34. Ne6 Kh8 35. cxb5
cxb5 36. Rxa7 Rxa7 37. Re8+ Kh7 38. Nf8+ Qxf8 39. Rxf8 Rb7 40. Re8 b4 41. Re2
Kg6 42. Kg2 {Risc II -0,75 bei einer Rechentiefe von 11 Halbzügen, hier
reicht die Rechentiefe der Oldies nicht aus, um die schwerwiegenden Folgen
dieser Stellung schon zu sehen (Stockfish +8,70 bei Rechentiefe 48 !! HZ)} b3 {
Pewatronic +1,1 bei Rechentiefe 11 HZ} 43. Rb2 Kf5 44. Kf3 Rb4 45. Ke3 Kg4 46.
f5 Kxf5 47. Kd3 Rb6 48. Kc4 Kg4 49. Kc5 Rb8 50. Kd5 g5 51. Ke4 Kh3 52. f3 Rb4+
53. Kf5 Kh4 54. Ke5 h5 55. Ke6 Rb5 56. Kf6 Kh3 $1 {Pewatronic +1,3, die beste
Fortsetzung lt. Stockfish, der das schon mit +11,00 für Schwarz bewertet.} 57.
Kg6 {Risc II -1,43} h4 58. Kf6 g4 59. fxg4 Kxg4 60. Ke6 {Risc II -1,42, zeigt
hier erstaunliche Schwächen, er rechnet hier mit Kh3 ?} Kf4 61. Kd6 Ke4 62.
Kc6 Rb8 63. Kc7 Rb4 64. Kd6 Kd4 65. Rb1 b2 66. Ke6 Kc3 67. Kf5 h3 68. Rf1 Ra4
69. Re1 Ra1 70. Re3+ {Risc II -5,36 -----> AUFGABE !} 0-1